000 00430nam a2200181Ia 4500
001 24888
005 20260414151113.0
008 260414t2010||||xx |||||||||||||| ||spa||
041 _aESP
082 _a346
_bR77
100 _aRogel Vide, Carlos
_eAUT
245 0 _aDerecho civil - método y concepto
_b
260 _c2010
300 _a337 páginas :
_c21 cm.
650 _aDER
654 _aCDE
942 _cLIB
_dJUS
_fJUS
_2ddc
_n
999 _c24888
_d24888